000 00563nam a2200229Ia 4500
003 OSt
005 20220918201519.0
006 a|||||r|||| 00| 0
007 ta
008 220917b |||||||| |||| 00| 0 eng d
024 _a94,505
037 _cTextual
040 _aARTS
_cARTS
_beng
041 _2eng
_aeng
082 _aV1(Y:4):1:N7, L4
100 _aHeeger G A
_999204
245 0 _aPolitics of underdevelopment
260 _c1974
650 _aHISTORY
942 _hV1(Y:4):1:N7, L4
_cTEXL
_2CC
999 _c218130
_d218130